Statistics for Countries by HDI with a Map

Click here to take the quiz!

General Stats

  • This quiz has been taken 225 times
  • The average score is 109 of 187

Answers on the Map

Answers color-coded by a green-red scale on the quiz's map according to % correct below.
 

Answer Stats

RegionHDI RatingAnswer% Correct
North Europe0.957Norway
99%
North Europe0.955Ireland
85%
North Europe0.949Iceland
84%
West Europe0.955Switzerland
82%
North Europe0.945Sweden
81%
West Europe0.947Germany
80%
Oceania0.944Australia
78%
West Europe0.922Austria
78%
West Europe0.931Belgium
78%
North America0.929Canada
78%
North Europe0.940Denmark
78%
North Europe0.938Finland
78%
West Europe0.944Netherlands
78%
Oceania0.931New Zealand
78%
North Europe0.932United Kingdom
78%
East Europe0.900Czech Republic
77%
West Europe0.901France
77%
South Europe0.892Italy
77%
Southeast Asia0.938Singapore
77%
South Europe0.904Spain
77%
North America0.926United States
77%
North Europe0.892Estonia
76%
South Europe0.888Greece
76%
West Asia0.919Israel
76%
West Europe0.919Liechtenstein
76%
West Europe0.916Luxembourg
76%
South Europe0.895Malta
76%
East Asia0.919Japan
74%
East Europe0.880Poland
74%
South Europe0.917Slovenia
74%
East Europe0.854Hungary
73%
North Europe0.882Lithuania
73%
South Europe0.864Portugal
73%
East Europe0.860Slovakia
73%
West Asia0.890United Arab Emirates
73%
South Europe0.868Andorra
72%
West Asia0.887Cyprus
72%
North Europe0.866Latvia
72%
East Asia0.916South Korea
72%
South America0.851Chile
70%
South Europe0.851Croatia
70%
South Europe0.829Montenegro
70%
East Europe0.828Romania
70%
South America0.845Argentina
69%
East Europe0.823Belarus
69%
East Europe0.816Bulgaria
69%
East Europe0.824Russia
69%
West Asia0.820Turkey
69%
North America0.814Bahamas
68%
West Asia0.852Bahrain
68%
Southeast Asia0.838Brunei
68%
Central Asia0.825Kazakhstan
68%
Oceania0.826Palau
68%
Central America0.815Panama
68%
West Asia0.848Qatar
68%
West Asia0.854Saudi Arabia
68%
Caribbean0.814Barbados
66%
West Asia0.813Oman
66%
South Europe0.806Serbia
66%
South America0.817Uruguay
66%
East Europe0.750Moldova
65%
East Europe0.779Ukraine
65%
South Europe0.795Albania
64%
South Europe0.780Bosnia and Herzegovina
64%
Central America0.810Costa Rica
64%
Southeast Asia0.810Malaysia
64%
South Europe0.774North Macedonia
64%
South America0.765Brazil
62%
Caribbean0.783Cuba
62%
East Africa0.804Mauritius
62%
Caribbean0.796Trinidad and Tobago
62%
South America0.767Colombia
61%
Caribbean0.742Dominica
61%
Caribbean0.756Dominican Republic
61%
South America0.759Ecuador
61%
West Asia0.806Kuwait
61%
South Asia0.740Maldives
61%
North America0.779Mexico
61%
South America0.777Peru
61%
Caribbean0.779Saint Kitts and Nevis
61%
Caribbean0.759Saint Lucia
61%
East Africa0.796Seychelles
61%
South Asia0.782Sri Lanka
61%
Southeast Asia0.777Thailand
61%
North Africa0.748Algeria
59%
Caribbean0.778Antigua and Barbuda
59%
East Asia0.761China
59%
Central Asia0.812Georgia
59%
Caribbean0.779Grenada
59%
West Asia0.783Iran
59%
Caribbean0.734Jamaica
59%
Central Asia0.697Kyrgyzstan
59%
South America0.738Suriname
59%
Central Asia0.715Turkmenistan
59%
Central Asia0.756Azerbaijan
58%
Central America0.716Belize
58%
South America0.718Bolivia
58%
Oceania0.743Fiji
58%
South America0.682Guyana
58%
West Asia0.744Lebanon
58%
South America0.728Paraguay
58%
Central Asia0.668Tajikistan
58%
North Africa0.740Tunisia
58%
Central Asia0.720Uzbekistan
58%
South America0.711Venezuela
58%
Central Asia0.776Armenia
57%
North Africa0.707Egypt
57%
Central America0.673El Salvador
57%
Central America0.663Guatemala
57%
Southeast Asia0.718Indonesia
57%
West Asia0.674Iraq
57%
North Africa0.686Morocco
57%
Central America0.660Nicaragua
57%
Southeast Asia0.718Philippines
57%
Caribbean0.738Saint Vincent and the Grenadines
57%
Southeast Asia0.704Vietnam
57%
Southern Africa0.735Botswana
55%
West Asia0.729Jordan
55%
Southeast Asia0.613Laos
55%
North Africa0.724Libya
55%
East Asia0.737Mongolia
55%
South Asia0.602Nepal
55%
Southern Africa0.709South Africa
55%
South Asia0.632Bangladesh
54%
South Asia0.654Bhutan
54%
Southeast Asia0.594Cambodia
54%
Southeast Asia0.606East Timor
54%
Southern Africa0.611Eswatini
54%
South Asia0.645India
54%
East Africa0.601Kenya
54%
Central Africa0.703Gabon
53%
West Africa0.611Ghana
53%
Central America0.634Honduras
53%
Oceania0.725Tonga
53%
Oceania0.704Marshall Islands
51%
Oceania0.715Samoa
51%
Oceania0.630Kiribati
50%
Southern Africa0.646Namibia
50%
West Asia0.567Syria
50%
Oceania0.609Vanuatu
50%
West Africa0.665Cape Verde
49%
Central Africa0.394Niger
49%
Oceania0.620Federated States of Micronesia
47%
Caribbean0.510Haiti
47%
South Asia0.583Myanmar
47%
Central Africa0.398Chad
46%
South Asia0.557Pakistan
46%
Central Africa0.574Republic of the Congo
46%
Central Africa0.397Central African Republic
45%
Oceania0.567Solomon Islands
45%
Central Africa0.581Angola
43%
Central Africa0.592Equatorial Guinea
43%
Central Africa0.625Sao Tome and Principe
43%
North Africa0.510Sudan
43%
West Africa0.434Mali
42%
East Africa0.433South Sudan
42%
West Africa0.452Burkina Faso
41%
East Africa0.554Comoros
41%
Central Africa0.480Democratic Republic of the Congo
41%
Oceania0.555Papua New Guinea
41%
West Africa0.452Sierra Leone
41%
East Africa0.584Zambia
41%
Central Africa0.563Cameroon
39%
West Africa0.480Guinea-Bissau
39%
East Africa0.543Rwanda
39%
East Africa0.544Uganda
39%
West Asia0.470Yemen
39%
East Africa0.571Zimbabwe
39%
West Asia0.511Afghanistan
38%
West Africa0.477Guinea
38%
Southern Africa0.527Lesotho
38%
West Africa0.539Nigeria
38%
West Africa0.545Benin
36%
East Africa0.433Burundi
36%
East Africa0.459Eritrea
36%
East Africa0.485Ethiopia
36%
West Africa0.480Liberia
36%
East Africa0.483Malawi
36%
West Africa0.546Mauritania
36%
East Africa0.456Mozambique
36%
West Africa0.512Senegal
36%
East Africa0.528Madagascar
35%
East Africa0.529Tanzania
35%
West Africa0.515Togo
35%
West Africa0.496Gambia
34%
West Africa0.538Ivory Coast
34%
East Africa0.524Djibouti
31%

Score Distribution

Percentile by Number Answered

Percent of People with Each Score

Your Score History

You have not taken this quiz